|
|
|
|
| LEADER |
00658nta a2200169 i 4500 |
| 001 |
dipl68065 |
| 005 |
20190405101126.0 |
| 008 |
170531s2016 hu om 0|| zxx d |
| 040 |
|
|
|a SZTE Diploma Repozitórium
|b hun
|
| 041 |
|
|
|a zxx
|
| 100 |
1 |
|
|a Balogh Kata Patricia
|
| 245 |
1 |
0 |
|a Down-szindrómás gyermek a családban
|h [elektronikus dokumentum] /
|c Kata Patricia Balogh
|
| 246 |
1 |
0 |
|a Child with Down Syndrome in the family
|h [elektronikus dokumentum]
|
| 260 |
|
|
|c 2016
|
| 650 |
|
4 |
|a Pedagógusképzés
|
| 700 |
2 |
|
|a Blaskovicsné Gál Zita
|e ths
|
| 856 |
4 |
0 |
|u http://diploma.bibl.u-szeged.hu/id/eprint/68065/1/2016_Balogh_Kata_Patricia_BAKUAAF_SZE_SZ.pdf
|z Dokumentum-elérés
|